01445nam a22002297a 4500003000400000005001700004008002300021020002900044040000800073082002300081090002400104100002600128245004300154260005900197300002300256500075600279650002101035650002001056942001401076999001501090952011001105KPN20251105145958.020251105b 00| 0 eng d a9781402217739qpaperback cKPN 223aBI FD WIS 2009 aBI FD WIS 2009bWIS aWisdom, Lindaeauthor aWicked By Any Other NamecLinda Wisdom aNaperville, Illinois: bSourcebooks Casablanca, c2009 a372 pages; c18 cm aStasi Romanov uses just a little witch magic in her lingerie shop, running a brisk side business in love charms. A disgruntled customer threatening to sue over a failed love spell brings Trevor Barnes to town. Trevor's the best attorney around, and he just happens to be a wizard. Everyone knows that witches and wizards make a volatile combination—sure enough, the sparks fly and almost everyone's getting singed. Add to that Cupid playing a practical joke, a lunar eclipse that nearly precipitates a witch hunt, and some very mysterious goings on at the magical lake, and the feisty witch and gorgeous wizard have more than simply a possible lawsuit on their hands. Can they overcome their objections and settle out of court—and in the bedroom? 2WitchesvFiction 2English fiction 2ddcc1n0 c1664d1664 00102ddc40708FaKPNbKPNcFICAd2025-11-05l0oBI FD WIS 2009pKPN25110013r2025-11-05w2025-11-05y1